Riadenie úverového rizika banky v podmienkach globálnej finančnej krízy bakalárska práca

Salvato in:
Dettagli Bibliografici
Autore principale: Svoreň, Peter
Ente Autore: Fakulta podnikového manažmentu EU. Katedra podnikových financií
Altri autori: Vavrová, Katarína, 1960-
Natura: Libro
Lingua:slovacco
Pubblicazione: Bratislava 2014
Tags: Aggiungi Tag
Nessun Tag, puoi essere il primo ad aggiungerne!!

MARC

LEADER 00000nbm a2200000 4500
001 0189693
005 20170201093550.6
041 0 |a slo 
044 |a SK 
245 1 0 |a Riadenie úverového rizika banky v podmienkach globálnej finančnej krízy  |b bakalárska práca  |c Peter Svoreň ; školiteľ: Katarína Vavrová 
264 1 |a Bratislava  |c 2014 
300 |a 49 s. 
100 1 |a Svoreň, Peter 
700 1 |a Vavrová, Katarína, 1960- 
710 2 |a Fakulta podnikového manažmentu EU. Katedra podnikových financií